00441nam a2200133Ia 4500008004100000082001700041100002900058245004800087260002900135300001000164942001200174999001900186952010200205210430s9999 xx 000 0 und d a543.8 S9711T aSwalin Richard A.954945 aThermodynamics Of SolidscSwalin Richard A. bJohn Willey & Sonsc1962 a387p. cBK2ddc c565860d565860 00104070aSCMEbSCMEcCARTd2012-01-16l0o543.8 S9711TpSCME- D101r2021-04-30w2021-04-30yBK